|
|
|
|
| LEADER |
00000nab a2200000 a 4500 |
| 001 |
vtls000589022 |
| 003 |
SK-MaSNL |
| 005 |
20260304093226.0 |
| 008 |
250425c1996 xo 0 slo |
| 015 |
|
|
|a SNBRB19rr/mm-uuuuu
|
| 035 |
|
|
|a CL0589161
|
| 035 |
|
|
|a urn:nbn:sk:snk-ab77x0
|
| 035 |
|
|
|a (uuid)a9432881-c0c0-4148-8812-96ce249bccc6
|
| 035 |
|
|
|a (urnnbn)urn:nbn:sk:snk:ar-a074xf
|
| 035 |
|
|
|a (sysno)vtls000589022
|
| 040 |
|
|
|a SNKBUCL
|b slo
|c SNKBUCL
|e AACR2
|
| 041 |
0 |
|
|a slo
|
| 044 |
|
|
|a xo
|c SK
|
| 080 |
|
|
|a 340.133:331.116.3:331.881:331.882:328.1
|2 1981
|
| 080 |
|
|
|a 331.116.3
|2 1981
|
| 080 |
|
|
|a 331.881
|2 1981
|
| 080 |
|
|
|a 331.882
|2 1981
|
| 080 |
|
|
|a 328.1
|2 1981
|
| 245 |
0 |
0 |
|a Zákon č. 2/1991 Zb. o kolektívnom vyjednávaní v znení zákona č. 519/1991 Zb. a zákona NR SR č. .../1996 Z.z. z 1. februára 1996
|
| 500 |
|
|
|a Dôvodová správa k zákonu na s. 295-299
|
| 650 |
0 |
7 |
|a pracovnoprávne vzťahy
|2 snkbucl
|9 2338
|
| 650 |
0 |
7 |
|a vyjednávanie kolektívne
|2 snkbucl
|9 840620
|
| 655 |
|
7 |
|a články z novín a časopisov
|2 snkbucl
|9 267496
|
| 773 |
0 |
|
|t Mzdy a financie
|g Č. 3-4 (1996), s. 280-299
|
| 850 |
|
|
|a Slovenská národná knižnica
|
| 852 |
|
|
|a Slovenská národná knižnica
|
| 958 |
|
|
|a article27
|
| 958 |
|
|
|a OND
|
| 958 |
|
|
|a RK
|
| 992 |
|
|
|a RBX
|
| 999 |
|
|
|c 2822193
|d 2824123
|